00976 a2200217 450000100040000000500170000400800410002100300150006204000400007708000330011724500200015002000220017025000120019226400360020430000190024050503270025910000230058670000280060970000270063785600940066423520260407155416.0260407a2006 arg spa dAR-UNSa-BCEJYS aAR-UNSa-BCEJYSbspacAR-UNSa-BCEJYS a330.101.541xMacroeconomía10aMacroeconomía a978-84-95348-34-0 a6a. ed. 1aBarcelona :bAntoni Boschc2006 a826 p.c24 cm. a1. Introducción 2. La teoría clásica : la economía a largo plazo 3. La teoría del crecimiento: la economía a muy lñargo plazo 4. La teoría de los ciclos económicos: la economía a corto plazo 5. Los debates sobre la política económica 6. Mas sobre la microeconomía que subyace a la macroeconomía1 aMankiw, N. Gregory1 aRabasco, María Esther1 aToharia Cortés, Luis41uhttps://biblioeco.unsa.edu.ar/pmb/images/libros/Mankiw.jpgyImagen de portadaqimage/jpeg